Biến tính xúc tác CuO-ZnO/Al2O3 bằng Zirconi cho phản ứng tổng hợp Methanol từ CO2 và H2 : Luận văn Thạc sĩ Hóa học chuyên ngành Hóa lý và Hóa lý thuyết
Đề tài nghiên cứu sự thay đổi hoạt tính xúc tác khi thay thế Cu trong hệ xúc tác CuO-ZnO/Al2O3 bằng Co và Fe, thay thế Zn trong hệ xúc tác CuO-ZnO/Al2O3 bằng Zr. Biến tính xúc tác CuO-ZnO/Al2O3 bằng Zirconi để tạo thành hệ xúc tác có khả năng chuyển...
Bewaard in:
| Hoofdauteur: | |
|---|---|
| Formaat: | Boek |
| Taal: | Undetermined |
| Gepubliceerd in: |
Cần Thơ
Trường Đại học Cần Thơ
2011
|
| Onderwerpen: | |
| Tags: |
Voeg label toe
Geen labels, Wees de eerste die dit record labelt!
|
| Thư viện lưu trữ: | Trung tâm Học liệu Trường Đại học Cần Thơ |
|---|
| LEADER | 01428nam a2200217Ia 4500 | ||
|---|---|---|---|
| 001 | CTU_166508 | ||
| 008 | 210402s9999 xx 000 0 und d | ||
| 082 | |a 541.3 | ||
| 082 | |b H305 | ||
| 088 | |a 60440119 | ||
| 100 | |a Nguyễn, Thanh Hiền | ||
| 245 | 0 | |a Biến tính xúc tác CuO-ZnO/Al2O3 bằng Zirconi cho phản ứng tổng hợp Methanol từ CO2 và H2 : | |
| 245 | 0 | |b Luận văn Thạc sĩ Hóa học chuyên ngành Hóa lý và Hóa lý thuyết | |
| 245 | 0 | |c Nguyễn Thanh Hiền ; Nguyễn Mạnh Tuấn (Người hướng dẫn) | |
| 260 | |a Cần Thơ | ||
| 260 | |b Trường Đại học Cần Thơ | ||
| 260 | |c 2011 | ||
| 520 | |a Đề tài nghiên cứu sự thay đổi hoạt tính xúc tác khi thay thế Cu trong hệ xúc tác CuO-ZnO/Al2O3 bằng Co và Fe, thay thế Zn trong hệ xúc tác CuO-ZnO/Al2O3 bằng Zr. Biến tính xúc tác CuO-ZnO/Al2O3 bằng Zirconi để tạo thành hệ xúc tác có khả năng chuyển hóa CO2 thành Methanol hiệu suất tốt, độ chọn lọc cao trong vùng nhiệt độ thấp (180 - 280 độ C) ở áp suất <10atm. | ||
| 650 | |a Hóa học, vật lý và lý thuyết,Chemistry, physical and theoretical | ||
| 904 | |i Trọng Hải | ||
| 980 | |a Trung tâm Học liệu Trường Đại học Cần Thơ | ||